Logo CIB grande

Audacia, liderazgo y creatividad: Tómese varias veces al dia (Registro nro. 238290)

Detalles MARC
000 -LEADER
campo de control de longitud fija 00605nam a22002177a 4500
003 - IDENTIFICADOR DE NÚMERO DE CONTROL
campo de control EC-GqESP
005 - FECHA Y HORA DE LA ÚLTIMA TRANSACCIÓN
campo de control 20260330132651.0
008 - DATOS DE LONGITUD FIJA--INFORMACIÓN GENERAL
campo de control de longitud fija 260330b |||||||| |||| 00| 0 eng d
020 ## - NÚMERO INTERNACIONAL ESTÁNDAR DEL LIBRO
Número Internacional Estándar del Libro 978-9942-48-918-0
041 ## - CÓDIGO DE IDIOMA
Código de lengua del texto/banda sonora o título independiente esp.
082 ## - NÚMERO DE LA CLASIFICACIÓN DECIMAL DEWEY
Número de clasificación 658.4092
Iniciales del Autor CUE
100 ## - ENTRADA PRINCIPAL--NOMBRE DE PERSONA
Nombre de persona Cueva González, Carlos
245 ## - MENCIÓN DEL TÍTULO
Título Audacia, liderazgo y creatividad: Tómese varias veces al dia
250 ## - MENCION DE EDICION
Mención de edición S/E
260 ## - PUBLICACIÓN, DISTRIBUCIÓN, ETC.
Lugar de publicación, distribución, etc. Ecuador
Nombre del editor, distribuidor, etc. lolaconELE
Fecha de publicación, distribución, etc. 2025
300 ## - DESCRIPCIÓN FÍSICA
Extensión 142 p.
Otras características físicas Prologo,, fotografías
Dimensiones 22x15 cm
650 ## - PUNTO DE ACCESO ADICIONAL DE MATERIA--TÉRMINO DE MATERIA
Término de materia o nombre geográfico como elemento de entrada Audacia, liderazgo y creatividad
650 ## - PUNTO DE ACCESO ADICIONAL DE MATERIA--TÉRMINO DE MATERIA
Término de materia o nombre geográfico como elemento de entrada Liderazgo
650 ## - PUNTO DE ACCESO ADICIONAL DE MATERIA--TÉRMINO DE MATERIA
Término de materia o nombre geográfico como elemento de entrada Creatividad
942 ## - ELEMENTOS DE ENTRADA SECUNDARIOS (KOHA)
Tipo de ítem Koha Libros
Existencias
Estatus retirado Estado de pérdida Fuente de la clasificación o esquema de estantería Estado de daño No para préstamo Biblioteca de origen Biblioteca actual Fecha de adquisición Coste, precio normal de compra Etiqueta RFID Total de préstamos Signatura topográfica completa Código de barras Visto por última vez Copia número Fecha de reemplazo Tipo de ítem Koha Nota pública
    Clasificación Decimal Dewey     CENTRO DE INFORMACIÓN BIBLIOTECARIA CENTRO DE INFORMACIÓN BIBLIOTECARIA 26/03/2026 11.00 0000000000000000038412   658.4092 CUE D-202695 30/03/2026 1 30/03/2026 Libros ESPOL. CIB
    Clasificación Decimal Dewey     CENTRO DE INFORMACIÓN BIBLIOTECARIA CENTRO DE INFORMACIÓN BIBLIOTECARIA 26/03/2026 11.00 0000000000000000038411   658.4092 CUE D-202696 30/03/2026 2 30/03/2026 Libros ESPOL. CIB

Copyright 2025 ESPOL. Todos los derechos reservados.